Т. 5; Зарубежные аналоговые микросхемы и их аналоги
| Parent link: | Зарубежные аналоговые микросхемы и их аналоги: в 8 т./ А. В. Нефедов. Т. 5.— , 1999-2000 |
|---|---|
| Resumo: | В пятом томе справочного издания приводятся основные электрические и эксплуатационные параметры зарубежных интегральных схем: прецизионных, быстродействующих, маломощных, стробируемых, одиночных, сдвоенных, счетверенных, многофункциональных компараторов напряжения; регулируемых, программируемых и с постоянным выходным напряжением источников опорного напряжения, а также стабилизаторов напряжения с фиксированными напряжениями положительной или отрицательной полярности, двухполярных, сдвоенных и регулируемых. В справочнике приводятся цоколевки, типы корпусов, а также рекомендуемые замены интегральных микросхем (причем помещены также аналоги приборов, снятых с производства), перечень фирм-изготовителей. Габаритные размеры корпусов указаны в российском стандарте с указанием допусков по данным фирм-изготовителей. Для удобства работы со справочником составлен указатель типов приборов, по которому читатель с легкостью найдет необходимый ему прибор. В указателе типов интегральных микросхем, который выполнен в цифро-алфавитной последовательности, указывается местонахождение только тех приборов, которые вошли в данный том. Для инженерно-технических работников, занимающихся разработкой, эксплуатацией и ремонтом радиоэлектронной аппаратуры. |
| Idioma: | russo |
| Publicado em: |
2000
|
| Assuntos: | |
| Formato: | Livro |
| KOHA link: | https://koha.lib.tpu.ru/cgi-bin/koha/opac-detail.pl?biblionumber=107401 |
MARC
| LEADER | 00000nam2a2200000 4500 | ||
|---|---|---|---|
| 001 | 107401 | ||
| 005 | 20231101214728.0 | ||
| 010 | |a 5930370311 | ||
| 035 | |a (RuTPU)RU\TPU\book\115959 | ||
| 090 | |a 107401 | ||
| 100 | |a 20061222d2000 km y0rusy50 ca | ||
| 101 | 0 | |a rus | |
| 102 | |a RU | ||
| 105 | |a a bg 000zy | ||
| 200 | 0 | |a Т. 5 | |
| 210 | |d 2000 | ||
| 215 | |a 736 с. |c ил. | ||
| 330 | |a В пятом томе справочного издания приводятся основные электрические и эксплуатационные параметры зарубежных интегральных схем: прецизионных, быстродействующих, маломощных, стробируемых, одиночных, сдвоенных, счетверенных, многофункциональных компараторов напряжения; регулируемых, программируемых и с постоянным выходным напряжением источников опорного напряжения, а также стабилизаторов напряжения с фиксированными напряжениями положительной или отрицательной полярности, двухполярных, сдвоенных и регулируемых. В справочнике приводятся цоколевки, типы корпусов, а также рекомендуемые замены интегральных микросхем (причем помещены также аналоги приборов, снятых с производства), перечень фирм-изготовителей. Габаритные размеры корпусов указаны в российском стандарте с указанием допусков по данным фирм-изготовителей. Для удобства работы со справочником составлен указатель типов приборов, по которому читатель с легкостью найдет необходимый ему прибор. В указателе типов интегральных микросхем, который выполнен в цифро-алфавитной последовательности, указывается местонахождение только тех приборов, которые вошли в данный том. Для инженерно-технических работников, занимающихся разработкой, эксплуатацией и ремонтом радиоэлектронной аппаратуры. | ||
| 461 | 1 | |0 (RuTPU)RU\TPU\book\121587 |t Зарубежные аналоговые микросхемы и их аналоги |o в 8 т. |o каталог |f А. В. Нефедов |v Т. 5 |d 1999-2000 |s Справочник | |
| 606 | 1 | |a Микросхемотехника |2 stltpush |3 (RuTPU)RU\TPU\subj\43763 |9 63206 | |
| 610 | 1 | |a зарубежные аналоговые микросхемы | |
| 610 | 1 | |a обозначения | |
| 610 | 1 | |a типы | |
| 610 | 1 | |a напряжение | |
| 610 | 1 | |a компараторы | |
| 610 | 1 | |a источники напряжения | |
| 610 | 1 | |a стабилизаторы | |
| 610 | 1 | |a корпуса | |
| 610 | 1 | |a цоколевки | |
| 610 | 1 | |a фирмы-изготовители | |
| 610 | 1 | |a аналоги | |
| 610 | 1 | |a каталоги | |
| 610 | 1 | |a справочники | |
| 675 | |a 621.382.049.77(085)(035) |v 3 | ||
| 801 | 1 | |a RU |b 63413507 |c 20061222 |g PSBO | |
| 801 | 2 | |a RU |b 63413507 |c 20130610 |g PSBO | |
| 942 | |c BK | ||
| 959 | |a 114/20061222 |d 1 |e 235,40 |f ЧЗТЛ:1 | ||